000 01076nam0a22002891 4500
001 rc\3273501
005 20250609172739.0
021 _aRU
_bП116-73
035 _a(NLR Aleph) 007393913
090 _a6640147
_c6640147
100 _a20130115d1972 |||y0rusy50 ca
101 0 _arus
102 _aRU
105 _ay z |||||
200 1 _aНадежность высоковольтной аппаратуры
210 _aМосква
_cБ. и.
_d1972
215 _a8 с.
_d20
225 1 _aВсесоюзный электротехнический институт имени В.И. Ленина. Отдел научной информации. Тематический указатель литературы
_eТУЛ
_v№ 106 (763)
300 _aНа обл. только загл. серии
300 _aСост. указан в конце текста
320 _aБиблиогр.: с. 8
700 1 _aЗамятина
_bЛ.П.
_4220
801 0 _aRU
_bNLR
_gpsbo
801 1 _aRU
_bELAR
_2rusmarc
852 _aNLR
_jС313-410/В-84
942 _cBOOK
980 _aNB